000 00395nam a22001577a 4500
003 OSt
005 20211122110651.0
008 211122b |||||||| |||| 00| 0 eng d
040 _addc
_chu
082 _24TH
_a616.0757
_b1
100 _aTHOMAS LODGE
_919743
245 _aRECENT ADVANCES IN RADIOLOGY
250 _a4TH
260 _aLONDON
_bJ.AND A. CHURCHILL LTD.
_c1964
942 _2ddc
_cBOOKS
_n0
999 _c19437
_d19437